00657nam a2200181 450000500170000001000150001702000260003203500140005803700130007208200120008510000150009724500660011226000410017827001580021930000220037750000500039970000260044920190613154010.0 aENG-125593 a9788182094307c350.00 aEN-109125 bDBAD/PUB a658.575 aAnandan, C aProduct management /cby C Anandan [and] M Prasanna Mohan Raj aChennaibVijay Nicole Imprintsc2016 aNo. 936, Second Floor, Jayadurga Complex, Bazar RoadbRam Nagar, (Opp. Reliance Fresh ), Chennaie600091mvni@vijaynicole.co.ink91-44-43869302, 42837178 a266p..c25cm(pbk) aIncludes bibliographical references and index aPrasanna, Mohan Raj M